000 00286nam a2200133Ia 4500
008 240624s9999 xx 000 0 und d
041 _aeng
082 _a823 BOM
100 _aBOMBECK ERMA
245 _aAUNT ERMA S COPE BOOK
260 _c1985
300 _a224 : p.
365 _c
_b26
999 _c22870
_d22870